| 000 | 00659nam a2200181Ia 4500 | ||
|---|---|---|---|
| 003 | GCL | ||
| 008 | 140319s9999 xx 000 0 ara d | ||
| 040 |
_aGCL / _cGCL |
||
| 082 | 0 | 4 |
_a861.092 _bل ح |
| 100 | 1 | _aمحمد ابوالعطا \\=aلوركا، فيدريكوغرسيةv | |
| 245 | 1 | 0 |
_aحتى تمضى خمس سنوات اسطورة الزمن وماريانا بينيرا / _cمحمد ابوالعطا |
| 300 | _a259 ص | ||
| 490 |
_aالمشروع القومى للترجمة _v0 |
||
| 650 | 0 | 4 | _aالادب الاسبانى |
| 650 | 0 | 4 | _aالشعر الاسبانى |
| 650 | 0 | 4 | _aالشعر المسرحى - اسبانيا |
| 942 |
_2ddc _cBK |
||
| 999 |
_c52184 _d52184 |
||